LEADER 01121nam a2200253 i 4500 001 000000154736 003 CaOOAMICUS 005 20061024000000.0 008 061024s1982 sz u000 u eng u 013 $a132082 020 $a2-8254-0733-X 040 $aSeMil$bita 100 1 $aVisser't Hooft, Willem Adolf,$d<1900-1985>.$0(OLS)http://semarc/name/90776 245 14$aThe genesis and formation of the World Council of Churches /$cW. A. Visser't Hooft. 260 $aGeneva :$bWorld Council of Churches,$ccopyr. 1982. 300 $aix, 130 p., [4] p. di tav. ;$c22 cm. 650 4$aChiesa - Studi.$0(OLS)http://semarc/subject/1298 650 4$aWCC .$0(OLS)http://semarc/subject/30307 850 $aSeMil 852 $aSeMil$W1$xVenegono$y1$m2K I 243$j106592$B106592$CSeMilBibl$Z2$F115803 $81 961 $aRecupero: Altro 996 $6020$a2-8254-0733-X$9(OLS)http://semarc/number/144700 996 $6245$aThe genesis and formation of the World Council of Churches$9(OLS)http://semarc/title/226509 996 $6260$aGeneva :$bWorld Council of Churches$9(OLS)http://semarc/publisher/30619 LEADER 01529nam a2200301 i 4500 001 000000121199 003 CaOOAMICUS 005 20031210000000.0 008 031210s1994 it u000 u ita u 013 $a93893 020 $a88-7038-252-4 040 $aSeMil$bita 100 1 $aAcidini, Cristina,$d<1951- >.$0(OLS)http://semarc/name/32097 245 13$aIl campanile di Giotto /$ca cura di Timothy Verdon ; saggi di Cristina Acidini Luchinat ... [et al.]. 260 $aFirenze :$bCentro Di,$ccopyr. 1994. 300 $a125 p. :$briccamente ill. + allegato ;$c24 cm. 490 0 $aAlla riscoperta di piazza del Duomo in Firenze : saggi per una lettura storico-artistico-religiosa dei suoi monumenti ;$v3 500 $aContiene : Nota bibliografica. - Fondo Card. C.M. Martini. 650 4$aFirenze - Campanile di Giotto (Santa Maria del Fiore).$0(OLS)http://semarc/subject/22886 700 1 $aVerdon, Timothy,$c .$0(OLS)http://semarc/name/7841 830 0$aAlla riscoperta di piazza del Duomo in Firenze : saggi per una lettura storico-artistico-religiosa dei suoi monumenti ;$v3.$0(OLS)http://semarc/title/14139 850 $aSeMil 852 $aSeMil$W1$xVenegono$y1$m5M VI 56$j76298$B76298$CSeMilBibl$Z2$F79115 $81 941 1 $a4 961 $aOmaggio: Martini Card. Carlo Maria 996 $6020$a88-7038-252-4$9(OLS)http://semarc/number/106552 996 $6245$aIl campanile di Giotto$9(OLS)http://semarc/title/178387 996 $6260$aFirenze :$bCentro Di$9(OLS)http://semarc/publisher/32949